000 00567nam a22001937a 4500
003 DO-CoUTE
005 20260430150221.0
008 260430b dr ||||| |||| 00| 0 spa d
040 _aDO-CoUTE
_bspa
_cDO-CoUTE
082 _a863.6A2995
100 1 _aAznarez, Alexander
_eAutor
245 1 0 _aLeyenda de amor /
_cAlexander Aznares
260 _aMiami
_bEdiciones universal
_c2000
300 _a105 Paginas :
_c23cm,
504 _a Incluye referencia bibliográfica e índice.
650 4 _aNovela
700 1 _aAlexander Aznares
_eAutor
942 _2ddc
_cBK
999 _c24155
_d24155